000 00614nam a2200205Ia 4500
005 20250508160346.0
008 008 250505s9999 xx 000 0 eng d
037 _aBooks to be hide in OPAC
040 _aFEDL
_beng
_cFEDL
041 _aeng
_2eng
084 _a378.54, HOW/O
_qFEDL
100 _aHowes Harold R
_9592568
245 0 _aSurvey of student services in India higher Education
245 4 _cThe United States Educational Foundation in India
260 _c1972
300 _ai,89p.
700 _a Parker Clyde A
_9768348
942 _cHB
_h378.54, HOW/O
999 _c1363987
_d1363987